000 00275nam a22000977a 4500
005 20250901165542.0
008 210708b |||||||| |||| 00| 0 eng d
050 _aK 9 .N8531990
245 _aThe International lawyer
_bJoseph Norton J.
942 _2lcc
_hK 9 .N8531990
999 _c5732
_d5732